Digital Computer fundamentals (Record no. 202)

MARC details
000 -LEADER
fixed length control field 00376nam a2200157Ia 4500
008 - FIXED-LENGTH DATA ELEMENTS--GENERAL INFORMATION
fixed length control field 221030s9999 xx 000 0 und d
020 ## - INTERNATIONAL STANDARD BOOK NUMBER
ISBN 007464007
041 ## - LANGUAGE CODE
Language code of text/sound track or separate title
082 ## - DEWEY DECIMAL CLASSIFICATION NUMBER
Classification number 105.23
Item number Bar
100 ## - MAIN ENTRY--AUTHOR NAME
Personal name T. C. Bartee
245 #0 - TITLE STATEMENT
Title Digital Computer fundamentals
Statement of responsibility, etc by T. C. Bartee
260 ## - PUBLICATION, DISTRIBUTION, ETC. (IMPRINT)
Name of publisher TMH
Place of publication New Delhi
Year of publication 2001
300 ## - PHYSICAL DESCRIPTION
Number of Pages 610
650 ## - SUBJECT ADDED ENTRY--TOPICAL TERM
Topical Term Computers
942 ## - ADDED ENTRY ELEMENTS (KOHA)
Koha item type Books
Holdings
Accession Number Cost, normal purchase price Full call number Price effective from Koha item type Withdrawn / writtenoff status Materials specified (bound volume or other part) Damaged status Not for loan Permanent Location Current Location Shelving location Date acquired Lost/ Missing status department
M 35 240.00 105.23 Bar 10/30/2022 Books   Print     MIET Library, Jammu MIET Library, Jammu BL-Academic Block- B, FL-2, CUP-26, SH-5, R-5 12/30/2005   MCA
M 36 240.00 105.23 Bar 10/30/2022 Books   Print     MIET Library, Jammu MIET Library, Jammu BL-Academic Block- B, FL-2, CUP-95, SH-4, R-4 12/30/2005   MCA
BE 4744 240.00 105.23 Bar 10/30/2022 Books   Print   Not For Loan MIET Library, Jammu MIET Library, Jammu BL-Second, FL-1, CUP-22, SH-2, R-2 01/18/2002   BE
BE 4745 240.00 105.23 Bar 10/30/2022 Books   Print     MIET Library, Jammu MIET Library, Jammu BL-Academic Block C, FL-2, CUP-93, SH-4, R-4 01/18/2002   BE
BE 4746 240.00 105.23 Bar 10/30/2022 Books   Print     MIET Library, Jammu MIET Library, Jammu BL-Academic Block C, FL-2, CUP-93, SH-4, R-4 01/18/2002   BE
BE 4747 240.00 105.23 Bar 10/30/2022 Books   Print     MIET Library, Jammu MIET Library, Jammu BL-Academic Block C, FL-2, CUP-93, SH-4, R-4 01/18/2002   BE
BE 4748 240.00 105.23 Bar 10/30/2022 Books   Print     MIET Library, Jammu MIET Library, Jammu BL-Academic Block C, FL-2, CUP-93, SH-4, R-4 01/18/2002   BE
BE 2914 240.00 105.23 Bar 10/30/2022 Books   Print   Not For Loan MIET Library, Jammu MIET Library, Jammu BL-Second, FL-1, CUP-22, SH-2, R-2 03/13/2001   BE
BE 2915 240.00 105.23 Bar 10/30/2022 Books   Print     MIET Library, Jammu MIET Library, Jammu BL-Academic Block C, FL-2, CUP-93, SH-4, R-4 03/13/2001   BE